Mausoleum in Angerapp
| Titel: | Mausoleum in Angerapp : das Enträtseln einer Pyramide / Kamila Storz |
|---|---|
| Verfasser: | |
| In: |
Preußenland, Band 8 (2017), Seite 158-168 alle Artikel anzeigen |
| Veröffentlicht: | 2017 [2018] |
| Umfang: | Illustrationen |
| Format: | Aufsatz |
| Sprache: | Deutsch |
X
alg: 43225497 001A $03025:04-06-18 001B $01999:02-04-25 $t22:41:23.000 001C $03025:04-06-18 $t13:50:15.000 001D $03025:04-06-18 001U $0utf8 001X $00 002@ $0Aou 002C $aText $btxt $2rdacontent 002D $aohne Hilfsmittel zu benutzen $bn $2rdamedia 002E $aBand $bnc $2rdacarrier 003@ $0432254978 007A $0432254978 $aHEB 010@ $ager 010E $erda 011@ $a2017 $n2017 [2018] 021A $aMausoleum in Angerapp $ddas Enträtseln einer Pyramide $hKamila Storz 028A $BVerfasser $#Storz, Kamila $4aut $71161750975 $8Lenartowicz, Kamila [Tp3] $9432971556 031A $d8 $g11 $h158-168 $j2017 034M $aIllustrationen 039B $aEnthalten in $8--Abvc--. Preußenland. - Osnabrück : Fibre-Verl., 1963-. - ISSN 0032-7972 $x201700000080000842 $9047115017 044K $#Farenheid$7119207656 $8$PFahrenheit$lFamilie [Tp1] $9087547635 044K $#Osersk $#Ozersk $#Osjorsk $#Ozërsk $#Darkehmen $74085778-5 $8Angerapp [Tg1] $9085239208 044K $RGrabmal $RFriedhofsgebäude $RGrabtempel $#Mausoleums $#Mausolées $#Mausolei $74169153-2 $8Mausoleum [Ts1] $9085770469 044K $RFreimaurer $RFreimaurerloge $#Freemasonry $#Franc-maçonnerie $#Freimaurertum $74018348-8 $8Freimaurerei [Ts1] $9085043273 045R $aIdeengeschichte 1790-1810 045T $a8,1 lok: 43225497 78 exp: 43225497 78 1 #EPN 201B/01 $004-06-18 $t13:50:15.000 201C/01 $004-06-18 201U/01 $0utf8 203@/01 $01022988581 208@/01 $a04-06-18 $be 209A/01 $a/ $f000 $x00 209A/01 $ab*p $x01 220C/01 $akoe 244Z/01 $#Ostpreußen $#Ostpreußen $#Provinz Ostpreußen $74075754-7 $8--Tg1--Ostpreußen $x01 $9085214493 247C/01 $82080>Marburg/Lahn, Herder-Institut, Forschungsbibliothek, Bibliographieportal $9336309341
| LEADER | 00000caa a2200000 c 4500 | ||
|---|---|---|---|
| 001 | 432254978 | ||
| 003 | DE-603 | ||
| 005 | 20250402224123.0 | ||
| 007 | tu | ||
| 008 | 180604s2017 xx |||| | u00||u|ger c | ||
| 035 | |a (DE-599)HEB432254978 | ||
| 040 | |a DE-603 |b ger |c DE-603 |d DE-603 |e rda | ||
| 041 | |a ger | ||
| 084 | |a 8,1 |2 ssgn | ||
| 100 | 1 | |a Lenartowicz, Kamila |e Verfasser |4 aut |0 (DE-603)432971556 |0 (DE-588)1161750975 |2 gnd | |
| 245 | 0 | 0 | |a Mausoleum in Angerapp |b das Enträtseln einer Pyramide |c Kamila Storz |
| 264 | 0 | |c 2017 [2018] | |
| 300 | |b Illustrationen | ||
| 336 | |a Text |b txt |2 rdacontent | ||
| 337 | |a ohne Hilfsmittel zu benutzen |b n |2 rdamedia | ||
| 338 | |a Band |b nc |2 rdacarrier | ||
| 600 | 3 | 7 | |a Fahrenheit |c Familie |0 (DE-588)119207656 |0 (DE-603)087547635 |2 gnd |
| 648 | 7 | |a Ideengeschichte 1790-1810 |2 gnd | |
| 650 | 7 | |a Mausoleum |0 (DE-588)4169153-2 |0 (DE-603)085770469 |2 gnd | |
| 650 | 7 | |a Freimaurerei |0 (DE-588)4018348-8 |0 (DE-603)085043273 |2 gnd | |
| 651 | 7 | |a Angerapp |0 (DE-588)4085778-5 |0 (DE-603)085239208 |2 gnd | |
| 773 | 0 | 8 | |i Enthalten in |t Preußenland |d Osnabrück : Fibre-Verl., 1963- |h 24 cm |x 0032-7972 |g Band 8 (2017), Seite 158-168 |w (DE-603)047115017 |w (DE-600)123737-8 |
| 924 | 0 | |9 2080 |a (DE-603)1022988581 |b DE-2080 |c HES |d d |g / | |


